Environmental microbiology
Αποθηκεύτηκε σε:
| Κύριος συγγραφέας: | |
|---|---|
| Άλλοι συγγραφείς: | |
| Μορφή: | Βιβλίο |
| Γλώσσα: | English |
| Δημοσίευση: |
London :
Manson,
2000
|
| Θέματα: | |
| Ετικέτες: |
Προσθήκη ετικέτας
Δεν υπάρχουν, Καταχωρήστε ετικέτα πρώτοι!
|
MARC
| LEADER | 00000nam a2200000 i 4500 | ||
|---|---|---|---|
| 001 | 1/91883 | ||
| 008 | 080807s2000 eng d | ||
| 020 | |a 1-874545-78-2 | ||
| 035 | |l 10099383 | ||
| 040 | |a GR-MY-UA |b gre |e aacr | ||
| 041 | 0 | |a eng | |
| 082 | 0 | |a 579.17 |2 (22) | |
| 100 | 1 | |a Varnam, A. H. | |
| 245 | 1 | 0 | |a Environmental microbiology / |c Alan H. Varnam ; Malcolm G. Evans, photographer |
| 260 | |a London : |b Manson, |c 2000 | ||
| 300 | |a 160 σ.; |b εικ. (μερ. έγχρ.); |c 27 εκ. | ||
| 504 | |a Περιέχει βιβλιογραφικές παραπομπές και ευρετήριο | ||
| 650 | 0 | 0 | |a Microbial ecology. |
| 700 | 1 | |a Evans, M. G. |4 pht | |
| 852 | |a INST |b LESVOS |e 20080807 |h 579.17 VAR |p 005100041947 |q 005100041947 |t BK |y 0 | ||
| 901 | |a BIBL1-2008-2 | ||
| 909 | |a Λ |b 143756 | ||
| 922 | |a 1ΕΛΗ |b 200712 |c ΕΠΕΑΕΚ2/ΤΕΘ |d ΕΛΕΥΘΕΡΟΥΔΑΚΗΣ | ||
| 970 | |a ΚΑΡΑ |b ΓΙΑΣΕΜΗ |z 2008/08/07 | ||